Language Quiz

Random Language or Spanish Quiz

La Salud Part 1 Quiz Stats

 Plays Quiz not verified by Sporcle

Also try: Ends in 'FF'
Challenge
Share
Tweet
Embed
Score 0/12 Timer 03:00
0 Plays Today
English Spanish % Correct
to run overatropellar
92%
linimentlinimento
92%
pneumonianeumonia
88%
to fallcaer
88%
AgesLas Edades
84%
childhoodninez t
80%
syrupjarabe
76%
pubertypubertad
76%
to crash chocar
76%
medicinemedicina
76%
mumpspaperas
68%
coldresfriado
60%

You're not logged in!

Compare scores with friends on all Sporcle quizzes.
Join for Free
OR
Log In

You Might Also Like...

Show Comments

Extras

Created Mar 1, 2012ReportNominate
Tags:Spanish Quiz, English, salud

Top Quizzes Today


Score Distribution

Your Account Isn't Verified!

In order to create a playlist on Sporcle, you need to verify the email address you used during registration. Go to your Sporcle Settings to finish the process.

Report this User

Report this user for behavior that violates our Community Guidelines.

Details: